International comparisons of construction industry performance (Record no. 106710)

MARC details
000 -LEADER
fixed length control field 00993cam a2200217 4500
001 - CONTROL NUMBER
control field L137274
008 - FIXED-LENGTH DATA ELEMENTS--GENERAL INFORMATION
fixed length control field 070327s2005 xxk f 000 0 eng d
020 ## - INTERNATIONAL STANDARD BOOK NUMBER
International Standard Book Number 1741071011
035 ## - SYSTEM CONTROL NUMBER
System control number (Sirsi) u137274
041 0# - LANGUAGE CODE
Language code of text/sound track or separate title eng
100 1# - MAIN ENTRY--PERSONAL NAME
Personal name Best, Rick
245 00 - TITLE STATEMENT
Title International comparisons of construction industry performance
Remainder of title further investigations
Medium [electronic resource]
260 ## - PUBLICATION, DISTRIBUTION, ETC.
Place of publication, distribution, etc. Brisbane
Name of publisher, distributor, etc. Queensland University of Technology
Date of publication, distribution, etc. 2005
490 #0 - SERIES STATEMENT
Series statement COBRA
Volume/sequential designation 2005
520 ## - SUMMARY, ETC.
Summary, etc. Reports that comparisons of construction performance over the past 50 years have been inconclusive due to the lack of a reliable method for comparing construction costs in different currencies. Discusses some new approaches, and assesses their potential.
651 #4 - SUBJECT ADDED ENTRY--GEOGRAPHIC NAME
Geographic name International
690 ## - LOCAL SUBJECT ADDED ENTRY--TOPICAL TERM (OCLC, RLIN)
Topical term or geographic name as entry element BUILT ENVIRONMENT-BUILDING COSTS
700 1# - ADDED ENTRY--PERSONAL NAME
Personal name Langston, Craig
856 40 - ELECTRONIC LOCATION AND ACCESS
Uniform Resource Identifier <a href="https://www.rics.org/site/scripts/download_info.aspx?downloadID=2602">https://www.rics.org/site/scripts/download_info.aspx?downloadID=2602</a>
Public note View the item free of charge at www.rics.org...
942 ## - ADDED ENTRY ELEMENTS (KOHA)
Suppress in OPAC 0
Holdings
Withdrawn status Lost status Source of classification or shelving scheme Damaged status Not for loan Home library Current library Shelving location Date acquired Total Checkouts Full call number Barcode Date last seen Copy number Price effective from Koha item type
    Dewey Decimal Classification     Virtual Virtual Online 27/03/2007   ONLINE PUBLICATION 137274-1001 06/08/2019 1 06/08/2019 Book